000 00907cad a22002175a 4500
001 L157021
008 120814e2012 xxk 000 0 eng d
035 _a(Sirsi) u157021
041 0 _aeng
100 1 _aReeves, Suzanne
110 2 _aWedlake Bell LLP
_96105
245 0 0 _a2012 construction case law summary (January - June)
_h[electronic resource]
260 _c2012
520 _aConstruction case law summary for the first half of 2012. The full text of all the cases referred to can be found at www.bailii.org
590 _aNTK KA
651 4 _aEngland and Wales
_y1543-
690 _aConstruction management
_96230
856 4 0 _uhttps://www.wedlakebell.com/index.php?option=com_flexicontent&view=category&cid=313&Itemid=10
_zView the article at www.wedlakebell.com
856 4 0 _uhttps://www.bailii.org/form/search_cases.html
_zView the legal cases free of charge at www.bailii.org
942 _n0
999 _c84239
_d84239